Sociology (Record no. 6398)

MARC details
000 -LEADER
fixed length control field 00437nam a22001817a 4500
005 - DATE AND TIME OF LATEST TRANSACTION
control field 20200521142145.0
008 - FIXED-LENGTH DATA ELEMENTS--GENERAL INFORMATION
fixed length control field 200521b xxu||||| |||| 00| 0 eng d
020 ## - INTERNATIONAL STANDARD BOOK NUMBER
ISBN 9788126568161
041 ## - LANGUAGE CODE
Language code of text/sound track or separate title eng
082 ## - DEWEY DECIMAL CLASSIFICATION NUMBER
Classification number 301 GID
100 ## - MAIN ENTRY--AUTHOR NAME
Personal name GiDDens, Antthony and sutton Philip W
245 ## - TITLE STATEMENT
Title Sociology
250 ## - EDITION STATEMENT
Edition statement 8'th
260 ## - PUBLICATION, DISTRIBUTION, ETC. (IMPRINT)
Place of publication New Delhi
Name of publisher Wiley India Pvt Ltd
300 ## - PHYSICAL DESCRIPTION
Number of Pages 1130p.
650 ## - SUBJECT ADDED ENTRY--TOPICAL TERM
Topical Term Sociology
942 ## - ADDED ENTRY ELEMENTS (KOHA)
Koha item type Books
Holdings
Lost status Damaged status Collection code Home library Current library Shelving location Date acquired Source of acquisition Cost, normal purchase price Full call number Accession Number Koha item type
    Reference JRU Library JRU Library SHELF-1-D 02/06/2020 PURCHASE 1150.00 301 GID 24255 Books
    LAW JRU Library JRU Library SHELF-30-A 02/06/2020 PURCHASE 1150.00 301 GID 24256 Books